ИЗ русских поетов (Запис номер 344092)
[ съкратено ]
| 000 -Лидер | |
|---|---|
| Контролно поле с фиксирана дължина | 00967nam a2200277 c 4500 |
| 003 - Код на организацията, давaща контролен номер | |
| Контролно поле | BLK |
| 005 - Дата и час на последна редакция | |
| Контролно поле | 20190913121258.0 |
| 008 - Елементи от данни с фиксирана дължина | |
| fixed length control field | 180911b bul|||||r ||||||| ||bul|| |
| 010 ## - Наследен системен номер | |
| LC control number | 003755 |
| 040 ## - Източник на каталожния запис | |
| Идентификатор на билиотеката - собственик на записа | BLK |
| 041 ## - Код за език | |
| Код за езика на текст/звукозапис или на отделно заглавие | Руски |
| 080 ## - УДК | |
| УДК - код + определител | 882-1 |
| 100 1# - Редна дума - Автор | |
| Автор | |
| Авторска отговорност | първи автор |
| 245 10 - Сведения за заглавието | |
| Заглавие | ИЗ русских поетов |
| 246 ## - Различни форми на заглавието | |
| Паралелно заглавие | К. Бальмонт, В. Брюсов, Ф. Сологуб, Д. Мережковский |
| Подзаглавни данни | ИЗ русских поетов |
| Наименование на поредна част от произведението | лирика-стихотворения |
| 260 ## - Област на издателските данни | |
| Място на издаване, разпространение и проч. | Берлин |
| Име на издателя, разпространителя и проч. | Мысль |
| Година на издаване | 1921 |
| 300 ## - Физическа характеристика | |
| Страници | 64 с |
| Размери/Мащаб | 15 см |
| 380 ## - Жанр | |
| Жанр | Литературознание |
| 490 ## - СЕРИИ (Колекции) | |
| Име на серия | Книга для всех |
| 490 ## - СЕРИИ (Колекции) | |
| Име на серия | Частна колекция - Академик Михаил Арнаудов |
| Бележки за серията | Дарение - Основен фонд |
| 653 ## - Ключова дума – ненормативна | |
| 9 (RLIN) | |
| Ключова дума | лирика |
| 653 ## - Ключова дума – ненормативна | |
| 9 (RLIN) | |
| Ключова дума | стихотворения |
| 655 ## - Ключова дума – жанр/разновидност | |
| Данни за жанр/разновидност или ключова дума за фокус | руска литература |
| 852 ## - Местоположение | |
| Форматна сигнатура | МА 1990 |
| 942 ## - АРТИКУЛИ | |
| Вид на библиотечния материал | Книги |
| Скрит в OPAC | Не |
| 944 ## - СЪЗДАВАНЕ И РЕДАКЦИЯ на ЗАПИСА | |
| Създаване/Редакция | Създаване |
| Дата на регистрацията/редакция | 1997 |
| Служител, извършил регистрацията/редакцията | ValK |
| 999 ## - СИСТЕМНИ КОНТРОЛНИ НОМЕРА | |
| Koha biblionumber | 344092 |
| Koha biblioitemnumber | 344092 |
| Код за отписване | Код за изгубен артикул | Източник на класификационната схема | Код за повреда | Коз за рестрикции | Код за отдаване | Артикулен № | Име на библиотеката - собственик | Име на библиотеката, в която се намира в момента | Статус (Текущо местоположение) | Местоположение - отдел | Цена в лева | Инвентарен номер | Систематично азбучна сигнатура | Баркод | Номер на екземпляра | Цена в евро | Служебен тип на артикула |
|---|---|---|---|---|---|---|---|---|---|---|---|---|---|---|---|---|---|
| Не е изгубен | Universal Decimal Classification | Не е повреден | без рестрикции | Специални фондове ( старопечатни, редки и ценни, фонд М. Арнаудов) | 744448 | Регионална библиотека "Любен Каравелов" Русе | Регионална библиотека "Любен Каравелов" Русе | Фонд "Михаил Арнаудов" | Фонд "Михаил Арнаудов" | 2.00 | 590154 | МА 1990 | 120000590154 | 1 | 1.02 | Книги |